[Event "IND-ch U09 37th"]
[Site "Pune"]
[Date "2024.12.28"]
[Round "3"]
[White "Ansh, Kabra"]
[Black "Divith, Reddy Adulla"]
[Result "1-0"]
[WhiteElo "1516"]
[BlackElo "1876"]
[PlyCount "97"]
[EventDate "2024.12.27"]
[EventType "swiss"]
[EventRounds "11"]
[EventCountry "IND"]
[SourceTitle "CB02_2025"]
[SourceDate "2025.01.08"]
[SourceVersion "1"]
[SourceVersionDate "2025.01.08"]
[SourceQuality "1"]

1. e4 c5 2. a3 d6 3. Nf3 Nf6 4. Nc3 Nc6 5. d4 cxd4 6. Nxd4 e5 7. Nf3 Be7 8. h3 h6 9. Be2 Be6 10. Be3 Rc8 11. Qd2 0-0 12. Rd1 Na5 13. 0-0 b6 14. Rfe1 Nc4 15. Bxc4 Rxc4 16. Qd3 Rc7 17. Nh4 Rd7 18. Nf3 Qc8 19. Kh2 Qc6 20. Bc1 Rdd8 21. Qe3 Nd7 22. g4 h5 23. gxh5 f5 24. Rg1 f4 25. Qe1 Kf7 26. Rg6 Rh8 27. Qg1 Rdg8 28. Bxf4 Rxh5 29. Rxe6 g6 30. Rxe7+ Kxe7 31. Nd5+ Ke8 32. Qg4 Kf8 33. Qe6 Rg7 34. Bg5 Rf7 35. Qxg6 Rh8 36. Bh6+ Rxh6 37. Qxh6+ Ke8 38. Rg1 Nf8 39. Rg8 Qb7 40. Qe6+ Kd8 41. Qxd6+ Ke8 42. Nf6+ Rxf6 43. Qxf6 Qf7 44. Qxf7+ Kxf7 45. Rxf8+ Kxf8 46. Nxe5 b5 47. f4 b4 48. axb4 a5 49. bxa5 1-0

[Event "Wch U08"]
[Site "Montesilvano"]
[Date "2024.11.25"]
[Round "10"]
[White "Divith, Reddy Adulla"]
[Black "Ulan, Rizat"]
[Result "1-0"]
[WhiteElo "1784"]
[BlackElo "1783"]
[PlyCount "129"]
[EventDate "2024.11.15"]
[EventType "swiss"]
[EventRounds "11"]
[EventCountry "ITA"]
[SourceTitle "CB48_2024"]
[SourceDate "2024.11.28"]
[SourceVersion "1"]
[SourceVersionDate "2024.11.28"]
[SourceQuality "1"]

1. e4 c5 2. c3 Nf6 3. e5 Nd5 4. d4 cxd4 5. Nf3 Nc6 6. cxd4 d6 7. Bc4 Nb6 8. Bb5 dxe5 9. Nxe5 Bd7 10. Nxd7 Qxd7 11. Nc3 Rd8 12. Qf3 e6 13. 0-0 Be7 14. Be3 a6 15. Bxc6 Qxc6 16. Qg4 g6 17. Bh6 Nd5 18. Rac1 Nxc3 19. Rxc3 Qd5 20. Bg7 Rg8 21. Be5 h5 22. Qe2 f6 23. Bg3 Kf7 24. Re1 Rc8 25. Rf3 Rc6 26. Qd2 Kg7 27. h4 Rd8 28. Rfe3 Kf7 29. Rb3 b5 30. Qh6 Bf8 31. Qe3 Qxd4 32. Qf3 Qd5 33. Qe2 Qd2 34. Qe4 Qd5 35. Qb1 Bh6 36. Rf3 Kg7 37. b3 Qd2 38. Qe4 Qd5 39. Qb1 e5 40. Bh2 Rc1 41. Rxc1 Bxc1 42. Bg3 Bd2 43. Qb2 Bb4 44. Kh2 Qd1 45. Bxe5 Rd2 46. Rxf6 Kh7 47. Qa1 Qxa1 48. Bxa1 Rxa2 49. Bd4 Rd2 50. Be5 Rd5 51. f4 a5 52. Rf7+ Kg8 53. Rg7+ Kf8 54. Rxg6 Bc5 55. Rg5 Kf7 56. Rxh5 Be3 57. Rf5+ Kg8 58. Rf6 Rd3 59. Ra6 Bd2 60. Ra7 Rxb3 61. h5 Be1 62. Rg7+ Kf8 63. h6 Bd2 64. Bd6+ Ke8 65. h7 1-0

[Event "Wch U08"]
[Site "Montesilvano"]
[Date "2024.11.17"]
[Round "3"]
[White "Zhu, Daniel2"]
[Black "Divith, Reddy Adulla"]
[Result "0-1"]
[WhiteElo "1656"]
[BlackElo "1784"]
[PlyCount "86"]
[EventDate "2024.11.15"]
[EventType "swiss"]
[EventRounds "11"]
[EventCountry "ITA"]
[SourceTitle "CB48_2024"]
[SourceDate "2024.11.28"]
[SourceVersion "1"]
[SourceVersionDate "2024.11.28"]
[SourceQuality "1"]

1. d4 d5 2. c4 e6 3. Nf3 Nf6 4. Nc3 c6 5. e3 Nbd7 6. Bd3 dxc4 7. Bxc4 b5 8. Bd3 Bb7 9. 0-0 Be7 10. e4 b4 11. Ne2 c5 12. Ng3 cxd4 13. Nxd4 0-0 14. Re1 Ne5 15. Bf1 Qb6 16. Be3 Rfd8 17. Ndf5 Rxd1 18. Nxe7+ Kf8 19. Bxb6 Rxe1 20. Ng6+ Nxg6 21. Bc5+ Kg8 22. Rxe1 a5 23. f3 Rc8 24. Bd4 e5 25. Be3 Ne8 26. Nf5 Rd8 27. Bb6 Rd2 28. Re2 Rd1 29. Ne3 Ra1 30. Bxa5 b3 31. a3 Rb1 32. Kf2 Nf6 33. Rd2 h6 34. Bc4 Rh1 35. Nf1 Nf4 36. g3 Nh3+ 37. Kg2 Rg1+ 38. Kxh3 Bc8+ 39. g4 Nh5 40. Bd8 g5 41. Bxg5 hxg5 42. Rd8+ Kh7 43. Rxc8 Nf4# 0-1

[Event "IND-ch U11 37th"]
[Site "Hyderabad"]
[Date "2024.10.08"]
[Round "8"]
[White "Rahul, Ramakrishnan"]
[Black "Divith, Reddy Adulla"]
[Result "1-0"]
[WhiteElo "1900"]
[BlackElo "1825"]
[PlyCount "133"]
[EventDate "2024.10.04"]
[EventType "swiss"]
[EventRounds "11"]
[EventCountry "IND"]
[SourceTitle "CB47_2024"]
[SourceDate "2024.11.20"]
[SourceVersion "1"]
[SourceVersionDate "2024.11.20"]
[SourceQuality "1"]

1. d4 Nf6 2. c4 g6 3. Nc3 d5 4. Nf3 Bg7 5. Qb3 dxc4 6. Qxc4 0-0 7. e4 a6 8. Bf4 c6 9. Rd1 Bg4 10. Be2 Nbd7 11. h3 Be6 12. Qd3 Qb6 13. 0-0 Rfd8 14. Ng5 Nf8 15. Be3 Qa5 16. Qc2 Rac8 17. Nxe6 Nxe6 18. Bc4 Nf8 19. Qb3 e6 20. e5 Nd5 21. Bg5 Nxc3 22. Bxd8 Rxd8 23. bxc3 Qc7 24. Be2 Nd7 25. Bf3 b5 26. Qa3 Nb6 27. Qc1 Nc4 28. Be2 c5 29. h4 Rc8 30. h5 Nb6 31. h6 Bf8 32. Qd2 Nd5 33. c4 bxc4 34. Bxc4 Ne7 35. Bxa6 Ra8 36. Bc4 cxd4 37. Qxd4 Ra4 38. Rc1 Bxh6 39. Bxe6 Bxc1 40. Qxa4 fxe6 41. Rd1 Bb2 42. Qb3 Qxe5 43. Qb7 Ba3 44. Qa8+ Kg7 45. Qxa3 Nd5 46. Qa7+ Kh6 47. Qd4 Qf5 48. Qd2+ Kg7 49. Rc1 Qg4 50. g3 h5 51. Qb2+ Kh7 52. Qb7+ Kh6 53. Qf7 h4 54. Qf8+ Kh7 55. Rb1 Nb6 56. Qe7+ Kg8 57. Qd8+ Kh7 58. Qxh4+ Qxh4 59. gxh4 Nd5 60. a4 Nc3 61. Rb7+ Kh6 62. a5 Kh5 63. a6 Kg4 64. a7 g5 65. a8Q Kh3 66. Rb3 g4 67. Qh1# 1-0

[Event "GEO World Cup-A U08"]
[Site "Batumi"]
[Date "2024.06.27"]
[Round "5"]
[White "Sivan, Leeor"]
[Black "Divith, Reddy Adulla"]
[Result "0-1"]
[WhiteElo "1461"]
[BlackElo "1722"]
[PlyCount "64"]
[EventDate "2024.06.23"]
[EventType "swiss"]
[EventRounds "7"]
[EventCountry "GEO"]
[SourceTitle "EXT 2025"]
[Source "ChessBase"]
[SourceDate "2024.10.14"]
[SourceVersion "1"]
[SourceVersionDate "2024.10.14"]
[SourceQuality "1"]

1. e4 c5 2. Nf3 d6 3. d4 cxd4 4. Qxd4 Nc6 5. Bb5 Bd7 6. Bxc6 Bxc6 7. Nc3 Nf6 8. Bg5 e6 9. 0-0-0 Be7 10. Rd2 0-0 11. h4 h6 12. e5 dxe5 13. Qxe5 Qb6 14. Be3 Ng4 15. Bxb6 Nxe5 16. Nxe5 axb6 17. f3 Bf6 18. Re2 Ra5 19. Nc4 Bxc3 20. Nxa5 Bxa5 21. Re5 b5 22. a4 Bc7 23. Re2 bxa4 24. Kb1 Rd8 25. b3 axb3 26. cxb3 Bb5 27. Rb2 Bd3+ 28. Kc1 Bf4+ 29. Kd1 Ra8 30. Ke1 Ra1+ 31. Kf2 Rxh1 32. g3 Rh2+ 0-1

[Event "GEO World Cup-A U08"]
[Site "Batumi"]
[Date "2024.06.26"]
[Round "4"]
[White "Divith, Reddy Adulla"]
[Black "Protopopescu, Luca"]
[Result "1-0"]
[WhiteElo "1722"]
[BlackElo "1896"]
[PlyCount "113"]
[EventDate "2024.06.23"]
[EventType "swiss"]
[EventRounds "7"]
[EventCountry "GEO"]
[SourceTitle "EXT 2025"]
[Source "ChessBase"]
[SourceDate "2024.10.14"]
[SourceVersion "1"]
[SourceVersionDate "2024.10.14"]
[SourceQuality "1"]

1. e4 e6 2. d4 d5 3. Nc3 Bb4 4. exd5 exd5 5. a3 Bxc3+ 6. bxc3 Ne7 7. Bd3 0-0 8. Qf3 c5 9. dxc5 Qa5 10. Ne2 Nd7 11. Be3 Nxc5 12. Bxc5 Qxc5 13. 0-0 Ng6 14. Qh5 Bd7 15. c4 Bc6 16. Nf4 Rfd8 17. cxd5 Bxd5 18. Be4 Qd4 19. Bxd5 Qxf4 20. Bxb7 Rab8 21. Bd5 Ne5 22. g3 Qf6 23. c4 g6 24. Qe2 Rb2 25. Qe4 Rd2 26. Rad1 Nxc4 27. Qxc4 R8xd5 28. Qxd5 Rxd5 29. Rxd5 Qc3 30. a4 Qc4 31. Rd8+ Kg7 32. Ra1 a5 33. Rd7 h5 34. h4 Kf6 35. Rb7 Kf5 36. Rb5+ Kg4 37. Kh2 Qc2 38. Rf1 Qe2 39. Rbb1 f5 40. Rbe1 Qb2 41. Re5 g5 42. hxg5 h4 43. Re3 Kxg5 44. gxh4+ Kh5 45. Rg3 Qd4 46. f4 Kxh4 47. Rff3 Qd1 48. Rf2 Qc1 49. Rh3+ Kg4 50. Rhf3 Qc7 51. Rg3+ Kh4 52. Rff3 Qc6 53. Rf2 Qc7 54. Rg1 Qc3 55. Rg8 Qd4 56. Rf3 Qd2+ 57. Rg2 1-0